[Event "Gelsenkirchen Silvester op 3rd"]
[Site "Gelsenkirchen"]
[Date "2015.12.28"]
[Round "4"]
[White "Stoering, Marc"]
[Black "Balster, Semjon"]
[Result "1/2-1/2"]
[WhiteElo "1967"]
[BlackElo "1756"]
[PlyCount "34"]
[EventDate "2015.12.27"]
[EventType "swiss"]
[EventRounds "5"]
[EventCountry "GER"]
[SourceTitle "EXT 2019"]
[Source "ChessBase"]
[SourceDate "2018.10.10"]
[SourceVersion "1"]
[SourceVersionDate "2018.10.10"]
[SourceQuality "1"]

1. Nf3 d5 2. d4 Nf6 3. Bf4 Bf5 4. e3 e6 5. Bd3 Bg6 6. h3 Bd6 7. Bxd6 cxd6 8. 0-0 Nbd7 9. c4 dxc4 10. Bxc4 Rc8 11. Nbd2 0-0 12. Rc1 Nb6 13. Qb3 Nxc4 14. Rxc4 Qd7 15. Nh4 Rc7 16. Nxg6 hxg6 17. Rc2 b5 1/2-1/2

[Event "Gelsenkirchen Silvester op 1st"]
[Site "Gelsenkirchen"]
[Date "2013.12.29"]
[Round "5"]
[White "Balster, Semjon"]
[Black "Coenen, Siegfried"]
[Result "0-1"]
[WhiteElo "1592"]
[BlackElo "2005"]
[PlyCount "68"]
[EventDate "2013.12.27"]
[EventType "swiss"]
[EventRounds "5"]
[EventCountry "GER"]
[SourceTitle "EXT 2019"]
[Source "ChessBase"]
[SourceDate "2018.10.10"]
[SourceVersion "1"]
[SourceVersionDate "2018.10.10"]
[SourceQuality "1"]

1. e4 e5 2. Nf3 Nf6 3. Nxe5 d6 4. Nf3 Nxe4 5. Nc3 Nxc3 6. dxc3 h6 7. Be3 Be7 8. Qd2 Bf5 9. Bd3 Bxd3 10. cxd3 Nd7 11. 0-0 Ne5 12. Nxe5 dxe5 13. f4 exf4 14. Bxf4 Qd7 15. Rae1 0-0 16. Rf3 Rfe8 17. Rfe3 Bg5 18. Rxe8+ Rxe8 19. Rxe8+ Qxe8 20. Bxg5 hxg5 21. Kf2 Qe5 22. Qe3 Qf6+ 23. Ke2 b6 24. Qf3 Qe6+ 25. Qe3 Qxa2 26. Qxg5 Qxb2+ 27. Kf3 Qxc3 28. Qd8+ Kh7 29. Qh4+ Kg6 30. Qe4+ Kf6 31. Qf4+ Ke6 32. Qe4+ Qe5 33. Qc6+ Ke7 34. d4 Qf6+ 0-1

[Event "Gelsenkirchen Silvester op 1st"]
[Site "Gelsenkirchen"]
[Date "2013.12.29"]
[Round "4"]
[White "Heyn, Peter"]
[Black "Balster, Semjon"]
[Result "0-1"]
[WhiteElo "1881"]
[BlackElo "1592"]
[PlyCount "28"]
[EventDate "2013.12.27"]
[EventType "swiss"]
[EventRounds "5"]
[EventCountry "GER"]
[SourceTitle "EXT 2019"]
[Source "ChessBase"]
[SourceDate "2018.10.10"]
[SourceVersion "1"]
[SourceVersionDate "2018.10.10"]
[SourceQuality "1"]

1. d4 d5 2. c4 dxc4 3. e4 e5 4. d5 Nf6 5. Qc2 c6 6. dxc6 Nxc6 7. Bg5 h6 8. Bxf6 Qxf6 9. Nf3 Bg4 10. Nbd2 Bb4 11. Be2 Bxf3 12. Bxf3 Nd4 13. Qxc4 Bxd2+ 14. Kxd2 0-0 0-1